000
00254nam a22001097a 4500
082
_a
808.5 WEA'S
100
_a
WEAVER, ANDREW THOMAS
_9
57874
245
_a
SPEECH FORMS AND PRINCIPLES
260
_a
NEWYORK
_b
LONGMANS
_c
1948
300
_a
437P
942
_c
BK
999
_c
568117
_d
568117